| 000 | 00450nam a22001577a 4500 | ||
|---|---|---|---|
| 020 | _a978-93-84321-62-8 | ||
| 082 |
_a823 _bKAN/M |
||
| 100 | _aTWAIN'S MARK ; KANAKRAGHAVAN TR. | ||
| 245 |
_aTHE ADVENTURES OF HUCKLEBERRY FINN _bADVENTURE STORY |
||
| 246 |
_aTHE ADVENTURES OF HUCKLEBERRY FINN _bADVENTURE STORY |
||
| 260 |
_aTHRISSUR _bH & C PUBLISHING HOUSE |
||
| 300 | _a48 | ||
| 520 | _aADVENTURE STORY | ||
| 650 | _aADVENTURE STORY | ||
| 942 | _cBK | ||
| 999 |
_c2708 _d2708 |
||